Nuclear Magnetic Resonance : (Record no. 44122)
[ view plain ]
| 000 -LEADER | |
|---|---|
| fixed length control field | 01403nam a22001937a 4500 |
| 003 - CONTROL NUMBER IDENTIFIER | |
| control field | CUTN |
| 005 - DATE AND TIME OF LATEST TRANSACTION | |
| control field | 20250704151956.0 |
| 008 - FIXED-LENGTH DATA ELEMENTS--GENERAL INFORMATION | |
| fixed length control field | 250326b |||||||| |||| 00| 0 eng d |
| 020 ## - INTERNATIONAL STANDARD BOOK NUMBER | |
| International Standard Book Number | 9781071631287 |
| 041 ## - LANGUAGE CODE | |
| Language | English |
| 082 ## - DEWEY DECIMAL CLASSIFICATION NUMBER | |
| Classification number | 538.362 |
| Item number | ATT |
| Edition number | 23 |
| 100 ## - MAIN ENTRY--PERSONAL NAME | |
| Personal name | Atta-Ur-Rahman |
| 245 ## - TITLE STATEMENT | |
| Title | Nuclear Magnetic Resonance : |
| Remainder of title | Basic Principles / |
| Statement of responsibility, etc | Atta-Ur-Rahman |
| 260 ## - PUBLICATION, DISTRIBUTION, ETC. (IMPRINT) | |
| Name of publisher, distributor, etc | Springer, |
| Date of publication, distribution, etc | r 2023. |
| Place of publication, distribution, etc | New York: |
| 300 ## - PHYSICAL DESCRIPTION | |
| Extent | ix, 358 p.: |
| Other physical details | ill.; |
| Dimensions | 20.3 x 25.4 x 4.7 cm. |
| 520 ## - SUMMARY, ETC. | |
| Summary, etc | We are new to the on-line trade but with solid experience of two decades, we carry large stocks of books on various subjects in our show room. The subjects we carry in stock are - Academic, Ancient & Classical Art, Archaeology, Architecture, Art History, Astrology, Auto- biographies, Books from India, Biology, Biographies, Computer Science, Dictionaries, Decorative Art, Design, Economics, Ethnic Arts & Crafts, Fashion & Jewellery, Gardens & Landscape Design, Geography, Graphics, History, Homeopathy, Karma, Language, Law, Linguistics, Medicine, Modern & Contemporary Art, Music & Performing Art, Mythology & Religion, Numismatics, Philately, Pleasure, Political Science, Photography, Research, Science & Environment, Scientific, Style & Interiors, Technical, Terrorism, Textiles & Carpets, Travel & Topography, Western Art, Wildlife, Yoga. |
| 650 ## - SUBJECT ADDED ENTRY--TOPICAL TERM | |
| Topical term or geographic name as entry element | Nuclear magnetic resonance spectroscopy |
| 942 ## - ADDED ENTRY ELEMENTS (KOHA) | |
| Source of classification or shelving scheme | Dewey Decimal Classification |
| Koha item type | General Books |
| Withdrawn status | Lost status | Source of classification or shelving scheme | Damaged status | Not for loan | Collection code | Home library | Location | Shelving location | Date of Cataloging | Total Checkouts | Total Renewals | Full call number | Barcode | Date last seen | Date checked out | Price effective from | Koha item type |
|---|---|---|---|---|---|---|---|---|---|---|---|---|---|---|---|---|---|
| Dewey Decimal Classification | Non-fiction | CUTN Central Library | CUTN Central Library | Sciences | 26/03/2025 | 4 | 3 | 538.362 ATT | 51743 | 25/11/2025 | 24/10/2025 | 26/03/2025 | General Books | ||||
| Dewey Decimal Classification | Non-fiction | CUTN Central Library | CUTN Central Library | Sciences | 04/07/2025 | 538.362 ATT | 51271 | 04/07/2025 | 04/07/2025 | General Books |
